01673nam a2200385 a 450000100060000000300080000600500170001400600190003100700150005000800410006502400100010603500230011603500240013903500250016303500210018804000260020905000210023508000080025608200120026410000390027624501990031526000490051430000110056350001020057452001730067653301640084965000390101365000370105265500270108970000300111670000430114671000190118985600620120899900170127040556FlNmELB20241216221905.0m o d | cr cn|||||||||201201r2012 cu |||||s|||||||||||spa d8 zTesis a(MiAaPQ)EBC3201367 a(Au-PeEL)EBL3201367 a(CaPaEBR)ebr10592325 a(OCoLC)929370237 aFlNmELBbspacFlNmELB 4aGV707bV651 2012 a79604a7962221 aVidaurreta Bueno, Rodolfo Ruvenio.10aAdecuación del centro de impactos como factor que favorece el rendimiento en competición en tiradores de pistola 50 metros (hombres)h[recurso electronico]cRodolfo Ruvenio Vidaurreta Bueno. aLa Habana :bEditorial Universitaria,c2012. a128 p. aTesis (doctorado) - Universidad de Ciencias de la Cultura Física y el Deporte "Manuel Fajardo". aSe define la adecuación del centro de impactos como un factor que favorece el rendimiento en competición en los tiradores deportivos de Pistola 50 metros (Hombres). aRecurso electrónico. Santa Fe, Arg.: e-libro, 2015. Disponible vía World Wide Web. El acceso puede estar limitado para las bibliotecas afiliadas a e-libro. 4aDeportes y Recreación.xGeneral. 4aSports and Recreation.xGeneral. 4aLibros electrónicos.1 aMesa Anoceto, Magda.4drt1 aGarcía Vázquez, Luis Ángel.4drt2 ae-libro, Corp.40uhttps://elibro.net/ereader/politecnicointernacional/90546 c40556d40556